Medicina legale canonistica / (Record no. 114040)

MARC details
000 -LEADER
campo de control de longitud fija 00469nam a2200157 4500
001 - NÚMERO DE CONTROL
campo de control 114040
003 - IDENTIFICADOR DE NÚMERO DE CONTROL
campo de control ES-MaACL
005 - FECHA Y HORA DE LA ÚLTIMA TRANSACCIÓN
campo de control 20230906190050.0
007 - CAMPO FIJO DE DESCRIPCIÓN FÍSICA--INFORMACIÓN GENERAL
campo de control de longitud fija t|
008 - DATOS DE LONGITUD FIJA--INFORMACIÓN GENERAL
campo de control de longitud fija 061121s1946 it r ||||1| ita d
100 1# - ENTRADA PRINCIPAL--NOMBRE DE PERSONA
Nombre de persona Palmieri, Vincenzo Mario.
9 (RLIN) 88657
245 10 - MENCIÓN DEL TÍTULO
Título Medicina legale canonistica /
Mención de responsabilidad, etc. Vincenzo Mario Palmieri.
260 ## - PUBLICACIÓN, DISTRIBUCIÓN, ETC.
Lugar de publicación, distribución, etc. Cittá di Castello e Bari :
Nombre del editor, distribuidor, etc. Luigi Macri,
Fecha de publicación, distribución, etc. 1946.
300 ## - DESCRIPCIÓN FÍSICA
Extensión 345 p., 1 lám. ;
Dimensiones 25 cm.
852 ## - LOCALIZACIÓN
Ubicación ES-MaACL
Número de control de estantería C-4720
Sublocalización o colección R.25189
Holdings
Estatus retirado Estado de pérdida Estado de daño No para préstamo Biblioteca de origen Biblioteca actual Ubicación en estantería Fecha de adquisición Fuente de adquisición Total de préstamos Signatura topográfica completa Código de barras Visto por última vez Precio de reemplazo Tipo de ítem Koha
        Biblioteca del Ateneo de Madrid Biblioteca del Ateneo de Madrid Sala Palomar 17/01/2008     C-4720 1118930 23/02/2023 23/02/2023 Libro impreso